Železobetónová stropná doska budovy

Na minha lista:
Detalhes bibliográficos
Autor principal: Vereš, Daniela (Author)
Outros Autores: Gramblička, Štefan (Thesis advisor)
Formato: Manuscrito Livro
Idioma:eslovaco
Publicado em: 2016
Assuntos:
Acesso em linha:http://is.stuba.sk/zp/portal_zp.pl?podrobnosti=108425
https://opac.crzp.sk/?fn=detailBiblioForm&sid=CAF43C23BCEFEBA4BFCB10BCB6F5
Tags: Adicionar Tag
Sem tags, seja o primeiro a adicionar uma tag!

MARC

LEADER 00000ntm a22000003a 4500
001 stuzp56860
003 SK-STU
005 20230720132124.4
007 ta
008 150427s2015----xo-----f-mn---000-0-slo-d
040 |a STU  |b slo 
041 0 |a slo 
100 1 |a Vereš, Daniela  |u 010110  |4 aut  |U SvF Stavebná fakulta  |T SvF Katedra betónových konštrukcií a mostov  |X 63086  |U V110  |Y 11  |7 63086 
242 0 1 |a Reinforced concrete slab buildings  |y eng 
245 1 0 |a Železobetónová stropná doska budovy 
260 |c 2016 
650 4 |a stropná doska  |2 slo 
650 4 |a výstuž  |2 slo 
650 4 |a železobetón  |2 slo 
650 4 |a reinforced slab  |2 eng 
650 4 |a reinforcement  |2 eng 
650 4 |a reinforced concret  |2 eng 
700 1 |a Gramblička, Štefan  |u 010110  |k Z1  |4 ths  |U SvF Stavebná fakulta  |T SvF Katedra betónových konštrukcií a mostov  |X 938  |U V110  |Y 11  |7 A000000938 
856 4 |u http://is.stuba.sk/zp/portal_zp.pl?podrobnosti=108425 
856 4 |u https://opac.crzp.sk/?fn=detailBiblioForm&sid=CAF43C23BCEFEBA4BFCB10BCB6F5 
SQL |a stuzp56860  |b DBP  |c SLO  |d Železobetónová stropná doska budovy  |e 63086  |f Vereš, Daniela  |g 010110  |h 938  |i Gramblička, Štefan  |j 20160621  |k 1  |l 01  |m http://is.stuba.sk/zp/portal_zp.pl?podrobnosti=108425  |n B-IKD  |o 5.1.5. inžinierske konštrukcie a dopravné stavby